<?xml version="1.0" encoding="UTF-8"?><?xml-stylesheet type="text/xsl" href="static/style.xsl"?><OAI-PMH xmlns="http://www.openarchives.org/OAI/2.0/" xmlns:xsi="http://www.w3.org/2001/XMLSchema-instance" xsi:schemaLocation="http://www.openarchives.org/OAI/2.0/ http://www.openarchives.org/OAI/2.0/OAI-PMH.xsd"><responseDate>2026-04-17T13:52:07Z</responseDate><request verb="GetRecord" identifier="oai:www.recercat.cat:2445/33666" metadataPrefix="marc">https://recercat.cat/oai/request</request><GetRecord><record><header><identifier>oai:recercat.cat:2445/33666</identifier><datestamp>2025-11-21T05:14:59Z</datestamp><setSpec>com_2072_1057</setSpec><setSpec>col_2072_478860</setSpec><setSpec>col_2072_478917</setSpec></header><metadata><record xmlns="http://www.loc.gov/MARC21/slim" xmlns:dcterms="http://purl.org/dc/terms/" xmlns:xsi="http://www.w3.org/2001/XMLSchema-instance" xmlns:doc="http://www.lyncode.com/xoai" xsi:schemaLocation="http://www.loc.gov/MARC21/slim http://www.loc.gov/standards/marcxml/schema/MARC21slim.xsd">
   <leader>00925njm 22002777a 4500</leader>
   <datafield ind2=" " ind1=" " tag="042">
      <subfield code="a">dc</subfield>
   </datafield>
   <datafield ind2=" " ind1=" " tag="720">
      <subfield code="a">Galimany Masclans, Jordi</subfield>
      <subfield code="e">author</subfield>
   </datafield>
   <datafield ind2=" " ind1=" " tag="720">
      <subfield code="a">Roca Roger, Montserrat</subfield>
      <subfield code="e">author</subfield>
   </datafield>
   <datafield ind2=" " ind1=" " tag="720">
      <subfield code="a">Girbau i García, M. Rosa</subfield>
      <subfield code="e">author</subfield>
   </datafield>
   <datafield ind2=" " ind1=" " tag="260">
      <subfield code="c">2013-02-01T11:57:44Z</subfield>
   </datafield>
   <datafield ind2=" " ind1=" " tag="260">
      <subfield code="c">2013-02-01T11:57:44Z</subfield>
   </datafield>
   <datafield ind2=" " ind1=" " tag="260">
      <subfield code="c">2012-04</subfield>
   </datafield>
   <datafield ind2=" " ind1=" " tag="260">
      <subfield code="c">2013-02-01T11:57:44Z</subfield>
   </datafield>
   <datafield ind2=" " ind1=" " tag="520">
      <subfield code="a">En la actualidad, diversos países están incorporando las Tecnologías de la Información y la Comunicación (TIC) en sus procesos asistenciales, abriendo una nueva perspectiva en la gestión de la información sanitaria. La importancia que adquieren las TIC viene determinada por la posibilidad de poder mejorar la eficiencia de los recursos dedicados al cuidado de la salud de la población. En este proceso de cambio hay que tener en cuenta el factor humano como elemento crucial del sector salud, ya que a pesar de la presión asistencial y el nivel de exigencia de la población, debe garantizar un nivel de excelencia profesional que permita avanzar en la implantación de las TIC. Por todo ello, en este nuevo contexto asistencial, los profesionales enfermeros tienen un papel clave, lo que plantea la necesidad de disponer de una formación específica que les permita dar respuesta a esta nueva situación. La incorporación de las TIC en el ámbito sanitario implica un proceso de adaptación, así como un cambio estructural y social tanto de los profesionales como de los usuarios. El presente artículo tiene como objetivo analizar el proceso de incorporación de las TIC en los sistemas sanitarios y algunas de las implicaciones más destacadas que ello supone para las enfermeras.</subfield>
   </datafield>
   <datafield tag="653" ind2=" " ind1=" ">
      <subfield code="a">Tecnologia de la informació</subfield>
   </datafield>
   <datafield tag="653" ind2=" " ind1=" ">
      <subfield code="a">Infermeria</subfield>
   </datafield>
   <datafield tag="653" ind2=" " ind1=" ">
      <subfield code="a">Formació del personal</subfield>
   </datafield>
   <datafield tag="653" ind2=" " ind1=" ">
      <subfield code="a">Information technology</subfield>
   </datafield>
   <datafield tag="653" ind2=" " ind1=" ">
      <subfield code="a">Nursing</subfield>
   </datafield>
   <datafield tag="653" ind2=" " ind1=" ">
      <subfield code="a">Employee training</subfield>
   </datafield>
   <datafield ind2="0" ind1="0" tag="245">
      <subfield code="a">Las tecnologías de la información y la comunicación en los sistemas sanitarios. Un nuevo reto para la enfermera</subfield>
   </datafield>
</record></metadata></record></GetRecord></OAI-PMH>